Satellite Imagery of UK Cities - Statistics

General Stats
  • This quiz has been taken 220 times
  • The average score is 11 of 20
Answer Stats
Picture Answer % Correct
London
99%
Liverpool
91%
Manchester
80%
Brighton
77%
Portsmouth
73%
Birmingham
68%
Edinburgh
68%
Newcastle upon Tyne
65%
Belfast
61%
Southampton
60%
Cardiff
59%
Hull
54%
Plymouth
50%
Glasgow
48%
Dover
33%
York
30%
Bath
28%
St. Ives
26%
Weymouth
25%
Inverness
24%
No matching quizzes found
Score Distribution
Percent of People with Each Score
Percentile by Number Answered
Your Score History
You have not taken this quiz